00462nam a2200157Ia 450000500170000000800410001708200130005810000190007124500190009026000370010930000120014650000260015894200060018495200990019099900150028920250325072958.0240331s9999 xx 000 0 und d bSIVa894 aSivasegaram, S 0aDevi ezhunthal aChennaibSouth Asian booksc1991 a81 p ., aA Collection of poems cL 001040708LaWERCLbWERCLcSSCd2024-03-31l0o 894.811 SIVp4512r2024-03-31w2024-03-31yL c3781d3781